[Event "4NCL/Div3/AD2 vs. SLO2"]
[Site "West Bromwich ENG"]
[Date "2004.05.31"]
[Round "9.1"]
[White "Wallace, Paul"]
[Black "Jakubiec, Artur"]
[Result "0-1"]
[WhiteElo "2166"]
[BlackElo "2532"]
[PlyCount "54"]
[EventDate "2004.05.31"]

1. e4 c5 2. Nf3 d6 3. d4 cxd4 4. Nxd4 Nf6 5. Nc3 a6 6. f4 Nbd7 7. Be2 e5 8. Nf5
Nc5 9. fxe5 Nfxe4 10. Nxe4 Nxe4 11. O-O dxe5 12. Qxd8+ Kxd8 13. Be3 Bxf5 14.
Rxf5 f6 15. Bb6+ Ke8 16. Rf3 Rc8 17. c4 Bc5+ 18. Bxc5 Nxc5 19. Re3 Ke7 20. b4
Ne6 21. c5 Rhd8 22. Rh3 Nf4 23. Re3 Rd4 24. a3 Nxe2+ 25. Rxe2 Ke6 26. Rc2 f5
27. Rb1 Kd5 0-1

[Event "4NCL/Div3/AD2 vs. SLO2"]
[Site "West Bromwich ENG"]
[Date "2004.05.31"]
[Round "9.2"]
[White "Adly, Ahmed"]
[Black "Mangwengwende, John"]
[Result "1-0"]
[WhiteElo "2490"]
[BlackElo "2140"]
[PlyCount "33"]
[EventDate "2004.05.31"]

1. d4 Nf6 2. c4 g6 3. Nf3 Bg7 4. g3 O-O 5. Bg2 d6 6. O-O Nc6 7. Nc3 a6 8. Re1
Rb8 9. Rb1 Na5 10. Qd3 c5 11. b4 cxb4 12. Rxb4 Qc7 13. e4 e5 14. dxe5 dxe5 15.
Be3 Nd7 16. Nd5 Nc5 17. Qa3 1-0

[Event "4NCL/Div3/AD2 vs. SLO2"]
[Site "West Bromwich ENG"]
[Date "2004.05.31"]
[Round "9.3"]
[White "Spanton, Timothy"]
[Black "Jones, Gawain C B"]
[Result "0-1"]
[WhiteElo "2014"]
[BlackElo "2405"]
[PlyCount "53"]
[EventDate "2004.05.31"]

1. e4 c5 2. c4 Nc6 3. Nc3 g6 4. g3 Bg7 5. Bg2 a6 6. Nge2 b5 7. cxb5 axb5 8.
Nxb5 Nb4 9. O-O Ba6 10. Nbc3 e6 11. f4 d5 12. exd5 Bd3 13. dxe6 Bc2 14. exf7+
Kxf7 15. Bd5+ Kf8 16. Qe1 Nd3 17. f5 Nxe1 18. fxg6+ Nf6 19. Nf4 Ra6 20. d3 Nxd3
21. Be3 Rd6 22. Bc4 Nxf4 23. Rxf4 Qe7 24. Re1 Rd4 25. Bf2 Rxf4 26. Rxe7 Rxc4
27. Rf7+ 0-1

[Event "4NCL/Div3/AD2 vs. SLO2"]
[Site "West Bromwich ENG"]
[Date "2004.05.31"]
[Round "9.4"]
[White "Hersvik, Daniel"]
[Black "Graham, Nick"]
[Result "1/2-1/2"]
[WhiteElo "2269"]
[BlackElo "1840"]
[PlyCount "119"]
[EventDate "2004.05.31"]

1. e4 e5 2. Nf3 Nc6 3. Bb5 a6 4. Ba4 Nf6 5. O-O b5 6. Bb3 Be7 7. Re1 O-O 8. c3
d6 9. h3 Be6 10. d4 Bxb3 11. Qxb3 Na5 12. Qc2 exd4 13. cxd4 d5 14. e5 Ne4 15.
Nbd2 f5 16. Nb3 Nc4 17. Nc5 Bxc5 18. dxc5 c6 19. b3 Na5 20. Nd4 Qh4 21. Be3 f4
22. Nf3 Qe7 23. Bd4 Nb7 24. Rac1 Nd8 25. Nd2 Ng5 26. f3 Nde6 27. Bf2 a5 28. Kh2
Nf7 29. Nb1 Nh6 30. Nc3 Nf5 31. Qd2 g5 32. a4 b4 {=} 33. Ne2 Qg7 34. Nd4 Nfxd4
35. Bxd4 h5 36. Bf2 Ra7 37. Qd3 Qh7 38. Qe2 Qf5 39. Red1 Rff7 40. Kg1 Rfe7 41.
Qd3 Qxd3 42. Rxd3 Ng7 43. Re1 h4 44. e6 Rxe6 45. Kf1 Rae7 46. Rdd1 Nf5 47. Rxe6
Rxe6 48. Rc1 Kf7 49. Re1 Rxe1+ 50. Kxe1 d4 51. Kd2 Ke6 52. Kd3 Kd5 53. Be1 Ne3
54. Bd2 Nxg2 55. Bc1 Ne3 56. Bb2 Nf5 57. Ba1 Kxc5 58. Ke4 Ng3+ 59. Kd3 Nf5 60.
Ke4 1/2-1/2

[Event "4NCL/Div3/AD2 vs. SLO2"]
[Site "West Bromwich ENG"]
[Date "2004.05.31"]
[Round "9.5"]
[White "Whitmore, Darren"]
[Black "Ptacnikova, Lenka"]
[Result "1/2-1/2"]
[WhiteElo "1752"]
[BlackElo "2214"]
[PlyCount "99"]
[EventDate "2004.05.31"]

1. e4 c5 2. c3 Nf6 3. e5 Nd5 4. d4 cxd4 5. Qxd4 e6 6. Nf3 Nc6 7. Qe4 f5 8. Qe2
Qc7 9. g3 b5 10. Bg2 Rb8 11. O-O a6 12. Nbd2 Bc5 13. Nb3 Be7 14. Nbd4 Na5 15.
Ng5 Bxg5 16. Bxg5 Ne7 17. Bxe7 Kxe7 18. f4 Bb7 19. Rfd1 Bxg2 20. Qxg2 Nc4 21.
Rd3 Qb7 22. b3 Qxg2+ 23. Kxg2 Nb6 24. Rad1 {=} 24... Rhc8 25. Nc2 Rb7 26. Ne3
Rc6 27. Kf2 a5 28. Ke2 Nc8 29. c4 d6 30. cxb5 Rxb5 31. Nc4 d5 32. Na3 Rbc5 33.
Kd2 Na7 34. h3 Nb5 35. Nxb5 Rxb5 36. Rc1 Rxc1 37. Kxc1 Rb4 38. Rc3 Kd7 39. h4
a4 40. Kc2 axb3+ 41. Rxb3 Rxb3 42. Kxb3 h5 43. Kb4 Kc6 44. a4 Kb6 45. Kb3 Kc5
46. Kc3 Kc6 47. Kb4 Kb6 48. Kb3 Ka5 49. Ka3 Kb6 50. Kb3 1/2-1/2

[Event "4NCL/Div3/AD2 vs. SLO2"]
[Site "West Bromwich ENG"]
[Date "2004.05.31"]
[Round "9.6"]
[White "Richmond, Robert J"]
[Black "Rea, Bill"]
[Result "1-0"]
[WhiteElo "2207"]
[BlackElo "1696"]
[PlyCount "59"]
[EventDate "2004.05.31"]

1. d4 e6 2. c4 Nf6 3. Nc3 d5 4. Bg5 Be7 5. e3 O-O 6. Nf3 c6 7. Qc2 dxc4 8. Bxc4
Nd5 9. Bxe7 Qxe7 10. O-O Nd7 11. e4 Nf4 12. g3 Ng6 13. Rac1 Kh8 14. a3 Nb6 15.
Ba2 e5 16. dxe5 Nxe5 17. Nxe5 Qxe5 18. f4 Qh5 19. Qf2 Bg4 20. e5 Rad8 21. a4
Rd7 22. f5 Rfd8 23. e6 Rd3 24. f6 Rf3 25. e7 Re8 26. Qd4 gxf6 27. Rxf3 Bxf3 28.
Qxf6+ Kg8 29. Rf1 Bd5 30. Rf5 1-0

[Event "4NCL/Div3/AD2 vs. SLO2"]
[Site "West Bromwich ENG"]
[Date "2004.05.31"]
[Round "9.7"]
[White "Jones, Robert G"]
[Black "Naylor, John"]
[Result "0-1"]
[WhiteElo "1616"]
[BlackElo "2231"]
[PlyCount "76"]
[EventDate "2004.05.31"]

1. e4 e5 2. Nf3 Nc6 3. d4 exd4 4. Bc4 Nf6 5. O-O Bc5 6. e5 d5 7. Bb5 Ne4 8.
Bxc6+ bxc6 9. Nxd4 Bd7 10. Be3 O-O 11. Nd2 Nxd2 12. Qxd2 f6 13. exf6 Qxf6 14.
c3 Bd6 15. f4 Rae8 16. Rae1 Re4 17. Ne2 Qe7 18. Ng3 Rxe3 19. Rxe3 Bc5 20. Rfe1
Rxf4 21. Kh1 Bxe3 22. Qxe3 Qxe3 23. Rxe3 Kf7 24. Rf3 Rxf3 25. gxf3 c5 26. Kg1
Ke6 27. f4 d4 28. cxd4 cxd4 29. Kf2 Kd5 30. Ke2 g6 31. Kd3 c5 32. b3 a5 33. h4
h5 34. Kd2 a4 35. Kd3 a3 36. Kd2 Bf5 37. Nxf5 gxf5 38. Kd3 c4+ 0-1

[Event "4NCL/Div3/AD2 vs. SLO2"]
[Site "West Bromwich ENG"]
[Date "2004.05.31"]
[Round "9.8"]
[White "Lutton, J Ezra"]
[Black "McIntosh, Doreen"]
[Result "1-0"]
[WhiteElo "2138"]
[BlackElo "1304"]
[PlyCount "107"]
[EventDate "2004.05.31"]

1. Nc3 Nf6 2. e4 e5 3. Bc4 Be7 4. d3 d6 5. f4 Nc6 6. a3 a6 7. Nf3 Bg4 8. h3
Bxf3 9. Qxf3 Nd4 10. Qf2 O-O 11. O-O c5 12. g4 b5 13. Ba2 h6 14. g5 hxg5 15.
fxg5 Nh5 16. Bxf7+ Kh8 17. Qh4 g6 18. Bxg6 Rxf1+ 19. Kxf1 Qf8+ 20. Kg2 Qf3+ 21.
Kg1 Qg3+ 22. Qxg3 Nxg3 23. Kf2 Kg7 24. Kxg3 Kxg6 25. Kg4 Rf8 26. Nd5 Bd8 27. h4
Rf1 28. b3 Rg1+ 29. Kh3 Rh1+ 30. Kg2 Rxh4 31. Ra2 Bxg5 32. Bxg5 Kxg5 33. b4 Ne2
34. Nc7 Nf4+ 35. Kg1 Ne2+ 36. Kf1 Nc3 37. Rb2 Rh1+ 38. Kg2 Ra1 39. bxc5 dxc5
40. Nxa6 Rxa3 41. Nxc5 Kf4 42. Rb3 b4 43. Rxa3 bxa3 44. Kf2 a2 45. Nb3 Nd1+ 46.
Ke2 Nc3+ 47. Kd2 Nb5 48. Kc1 Ke3 49. Kb2 Nd4 50. Nxd4 Kxd4 51. Kxa2 Kc3 52. Kb1
Kd4 53. Kb2 Kc5 54. Kc3 1-0

[Event "4NCL/Div3/SWD2 vs. HKF1"]
[Site "West Bromwich ENG"]
[Date "2004.05.31"]
[Round "9.1"]
[White "Blackburn, Jonathan L B"]
[Black "Hebden, Mark L"]
[Result "0-1"]
[WhiteElo "2165"]
[BlackElo "2544"]
[PlyCount "102"]
[EventDate "2004.05.31"]

1. d4 Nf6 2. c4 g6 3. Nc3 Bg7 4. e4 d6 5. f3 O-O 6. Be3 c5 7. dxc5 dxc5 8. Qxd8
Rxd8 9. Bxc5 Nc6 10. Rd1 Nd7 11. Ba3 a5 12. Nd5 e6 13. Nc7 Rb8 14. Be2 Nb4 15.
f4 Nc2+ 16. Kf2 Nxa3 17. bxa3 Bf8 18. Nf3 Bxa3 19. Nd4 Bc5 20. Kf3 a4 21. Ndb5
b6 22. Rd3 Rf8 23. Nc3 Nf6 24. Kg3 Bb7 25. Bf3 Bb4 26. N7b5 Rfc8 27. e5 Nh5+
28. Bxh5 gxh5 29. a3 Bf8 30. Rd4 Bc5 31. Rd7 Bc6 32. Rd3 Kh8 33. Kh3 Rg8 34.
Rg3 h4 35. Kxh4 Bxg2 36. Rb1 Be7+ 37. Kh5 f5 38. exf6 Bxf6 39. Rg1 Rxg3 40.
hxg3 Bf3+ 41. g4 Rc8 42. Rg3 Rc5+ 43. Nd5 exd5 44. Nd6 dxc4+ 45. f5 Rd5 46.
Rxf3 Rxd6 47. Re3 Rd1 48. g5 Rh1+ 49. Kg4 Rg1+ 50. Kh5 Rxg5+ 51. Kh6 Rg8 0-1

[Event "4NCL/Div3/SWD2 vs. HKF1"]
[Site "West Bromwich ENG"]
[Date "2004.05.31"]
[Round "9.2"]
[White "Berzinsh, Roland"]
[Black "Spice, Alan"]
[Result "1/2-1/2"]
[WhiteElo "2456"]
[BlackElo "2161"]
[PlyCount "60"]
[EventDate "2004.05.31"]

1. e4 e6 2. d4 d5 3. Nc3 Nf6 4. Bg5 Bb4 5. e5 h6 6. Bd2 Bxc3 7. Bxc3 Ne4 8. Ne2
O-O 9. Bb4 c5 10. Ba3 b5 11. Bxc5 Nxc5 12. dxc5 Nc6 13. f4 Qe7 14. Nd4 Qxc5 15.
Nxc6 Qxc6 16. c3 b4 17. cxb4 Qb6 18. Qd2 a5 19. bxa5 Rxa5 20. a3 Bd7 21. Bd3
Rb8 22. b4 Qxb4 23. axb4 Rxa1+ 24. Kf2 Rxh1 25. Qc3 Rc8 26. Qd4 Rhc1 27. Ke2
R1c4 28. Qb6 R4c6 29. Qa7 R6c7 30. Qb6 Rc6 1/2-1/2

[Event "4NCL/Div3/SWD2 vs. HKF1"]
[Site "West Bromwich ENG"]
[Date "2004.05.31"]
[Round "9.3"]
[White "May, Frank"]
[Black "Greet, Andrew N"]
[Result "1/2-1/2"]
[WhiteElo "2146"]
[BlackElo "2319"]
[PlyCount "77"]
[EventDate "2004.05.31"]

1. d4 Nf6 2. c4 e6 3. Nf3 b6 4. g3 Bb7 5. Bg2 Be7 6. Nc3 Ne4 7. Nxe4 Bxe4 8.
O-O O-O 9. Ne1 Bxg2 10. Nxg2 d5 11. Qc2 Nc6 12. Rd1 Nb4 13. Qb3 dxc4 14. Qxc4
c5 15. Be3 cxd4 16. Bxd4 Qc8 17. Qb3 Nc2 18. Rab1 Nxd4 19. Rxd4 Qa6 20. Rd7 Bf6
21. Nf4 Rfc8 22. Rbd1 Qc4 23. Rd8+ Bxd8 24. Rxd8+ Rxd8 25. Qxc4 Rac8 26. Qe4
Rc7 27. Kg2 h6 28. h4 a5 29. Nh5 Rc5 30. Nf4 Rdc8 31. Nxe6 fxe6 32. Qxe6+ Kh8
33. Qxb6 Rc2 34. e4 a4 35. g4 Re2 36. Kf3 Rcc2 37. e5 Kh7 38. Qd4 Rcd2 39. Qc5
1/2-1/2

[Event "4NCL/Div3/SWD2 vs. HKF1"]
[Site "West Bromwich ENG"]
[Date "2004.05.31"]
[Round "9.4"]
[White "Cooper, Lawrence"]
[Black "Sully, David"]
[Result "1-0"]
[WhiteElo "2311"]
[BlackElo "2119"]
[PlyCount "87"]
[EventDate "2004.05.31"]

1. e4 e6 2. d4 d5 3. Nd2 Be7 4. Bd3 c5 5. dxc5 Nf6 6. Qe2 O-O 7. Ngf3 a5 8. O-O
Na6 9. exd5 exd5 10. Nb3 a4 11. Nbd4 Nxc5 12. a3 Nfe4 13. Bb5 Bf6 14. h3 Bd7
15. Be3 Re8 16. Bd3 Nxd3 17. cxd3 Nd6 18. Qd2 Nf5 19. Nxf5 Bxf5 20. Bd4 Bg6 21.
Qc3 Rc8 22. Bxf6 Qxf6 23. Qxf6 gxf6 24. Rfd1 d4 25. Nxd4 Red8 26. Nb5 Bxd3 27.
Nc3 Bc2 {=} 28. Rxd8+ Rxd8 29. Re1 Kf8 30. f3 Rd6 31. Re2 Bb3 32. Kf2 f5 33.
Ke3 Ke7 34. Rd2 Re6+ 35. Kf4 Kf6 36. Rd4 Rb6 37. Rxa4 Bxa4 38. Nd5+ Ke6 39.
Nxb6 Bb3 40. Ke3 Kd6 41. Kd4 Ke6 42. f4 f6 43. Kc5 Bc2 44. b4 1-0

[Event "4NCL/Div3/SWD2 vs. HKF1"]
[Site "West Bromwich ENG"]
[Date "2004.05.31"]
[Round "9.5"]
[White "Brown, Alan M"]
[Black "Wilson, Jonathan G"]
[Result "1-0"]
[WhiteElo "2113"]
[BlackElo "2303"]
[PlyCount "91"]
[EventDate "2004.05.31"]

1. d4 c5 2. d5 e5 3. e4 d6 4. Nf3 g6 5. Nc3 Bg7 6. Be2 Ne7 7. Be3 a6 8. a4 Bg4
9. Nd2 Bxe2 10. Qxe2 f5 11. Bg5 O-O 12. Bxe7 Qxe7 13. h4 Nd7 14. h5 Nf6 15.
hxg6 hxg6 16. Qd3 b5 17. b3 Ng4 18. f3 b4 19. Ne2 Nh6 20. O-O-O Qf6 21. Rdg1
Nf7 22. g4 f4 23. Rg2 Qd8 24. Nc4 Bf6 25. Rgh2 Ng5 26. Ng1 Ra7 27. Nh3 Nxh3 28.
Rxh3 Rff7 29. Rh6 Rh7 30. Rxg6+ Rag7 31. Rxg7+ Kxg7 32. Rxh7+ Kxh7 33. Qf1 Bh4
34. Qh1 Kg6 35. Nxd6 Qxd6 36. Qxh4 c4 37. Qh5+ Kg7 38. Qg5+ Kf7 39. Qf5+ Kg7
40. Qc8 Qb6 41. Qxc4 Qe3+ 42. Kb2 Qxf3 43. d6 Qd1 44. Qc7+ Kf6 45. d7 Qd4+ 46.
Ka2 1-0

[Event "4NCL/Div3/SWD2 vs. HKF1"]
[Site "West Bromwich ENG"]
[Date "2004.05.31"]
[Round "9.6"]
[White "Ogunshola, Ben"]
[Black "Miles, Richard"]
[Result "1/2-1/2"]
[WhiteElo "2178"]
[BlackElo "2078"]
[PlyCount "31"]
[EventDate "2004.05.31"]

1. c4 Nf6 2. Nf3 c5 3. g3 d5 4. cxd5 Nxd5 5. Nc3 g6 6. Bg2 Bg7 7. O-O Nc6 8.
Nxd5 Qxd5 9. d3 O-O 10. Be3 Bxb2 11. Nd4 Qd6 12. Nxc6 Bxa1 13. Qxa1 bxc6 14.
Bh6 Qd4 15. Bxf8 Kxf8 16. Qb1 1/2-1/2

[Event "4NCL/Div3/SWD2 vs. HKF1"]
[Site "West Bromwich ENG"]
[Date "2004.05.31"]
[Round "9.7"]
[White "Powell, Lloyd"]
[Black "Pym, Thomas W"]
[Result "1/2-1/2"]
[WhiteElo "1992"]
[BlackElo "2050"]
[PlyCount "64"]
[EventDate "2004.05.31"]

1. d4 Nf6 2. c4 c5 3. d5 b5 4. cxb5 a6 5. bxa6 Bxa6 6. Nc3 g6 7. g3 d6 8. Bg2
Bg7 9. Nf3 O-O 10. O-O Nbd7 11. Rb1 Ng4 12. Bd2 Nge5 13. Nxe5 Nxe5 14. b3 Qb6
15. h3 Rfc8 16. Kh2 Rab8 17. f4 Nd7 18. Qc2 Qb4 19. Rfc1 c4 20. Qe4 cxb3 21.
Qxb4 Rxb4 22. Rxb3 Rxb3 23. axb3 Rb8 24. Rb1 Nc5 25. b4 Bxc3 26. Bxc3 Na4 27.
Bd2 Bxe2 28. Re1 Bc4 29. Rxe7 Nb6 {=} 30. Re4 Bxd5 31. Rd4 Bxg2 32. Kxg2 Kf8
1/2-1/2

[Event "4NCL/Div3/SCS vs. GUI3"]
[Site "West Bromwich ENG"]
[Date "2004.05.31"]
[Round "9.1"]
[White "Dickinson, Timothy R"]
[Black "Cooksey, Paul S"]
[Result "0-1"]
[WhiteElo "2177"]
[BlackElo "2236"]
[PlyCount "50"]
[EventDate "2004.05.31"]

1. Nc3 d5 2. e4 dxe4 3. d3 exd3 4. Bxd3 c6 5. Bg5 Nf6 6. Qe2 Bg4 7. f3 Be6 8.
O-O-O Qa5 9. Bd2 Qc7 10. g4 Nbd7 11. Nh3 Nc5 12. Nf4 Nxd3+ 13. Qxd3 Bd7 14. g5
Ng8 15. g6 O-O-O 16. gxf7 Nf6 17. Qe3 e5 18. Nd3 b6 19. Nxe5 Bd6 20. f4 Ng4 21.
Nxg4 Bxg4 22. Rdg1 Bc5 23. Qe5 Bxg1 24. Rxg1 Qd7 25. Ne4 Bf3 0-1

[Event "4NCL/Div3/SCS vs. GUI3"]
[Site "West Bromwich ENG"]
[Date "2004.05.31"]
[Round "9.2"]
[White "Punnett, Alan K"]
[Black "Reynolds, D Ian"]
[Result "1-0"]
[WhiteElo "2139"]
[BlackElo "2103"]
[PlyCount "67"]
[EventDate "2004.05.31"]

1. e4 e5 2. Nf3 Nc6 3. d4 exd4 4. Nxd4 Nf6 5. Nxc6 bxc6 6. e5 Qe7 7. Qe2 Nd5 8.
c4 Nb6 9. b3 a5 10. Bb2 a4 11. Nd2 axb3 12. axb3 Rxa1+ 13. Bxa1 Qa3 14. Qd1 Bb4
15. Bd3 Qa5 16. Ke2 Bc3 17. Bxc3 Qxc3 18. Qa1 Qb4 19. Qd4 O-O 20. Rd1 d6 21.
Kf1 dxe5 22. Qxe5 Qd6 23. Nf3 g6 24. Bc2 Qxe5 25. Nxe5 c5 26. h3 Re8 27. Ng4
Bxg4 28. hxg4 Kg7 {=} 29. Rd3 h6 30. f3 Kf6 31. Kf2 Re7 32. Rd1 Re8 33. Be4 Ra8
34. Bxa8 1-0

[Event "4NCL/Div3/SCS vs. GUI3"]
[Site "West Bromwich ENG"]
[Date "2004.05.31"]
[Round "9.3"]
[White "Lutton, E Josiah"]
[Black "Shepley, Julien M"]
[Result "1/2-1/2"]
[WhiteElo "2050"]
[BlackElo "2112"]
[PlyCount "59"]
[EventDate "2004.05.31"]

1. Nc3 d5 2. e4 Nf6 3. d3 dxe4 4. Bg5 Bg4 5. Qd2 Nbd7 6. dxe4 h6 7. Be3 e5 8.
h3 Be6 9. Nf3 Bb4 10. Bd3 c6 11. a3 Be7 12. b4 Qc7 13. Na4 Nb6 14. Nxb6 axb6
15. Qc3 Nd7 16. O-O O-O 17. g4 h5 18. Bg5 f6 19. Bd2 hxg4 20. hxg4 Qc8 21. Nh4
b5 22. Be2 Nb6 23. Qh3 Nc4 24. Ng6 Re8 25. Bc1 Bxb4 26. Qh8+ Kf7 27. Qh5 Kg8
28. Qh8+ Kf7 29. Qh5 Kg8 30. Qh8+ 1/2-1/2

[Event "4NCL/Div3/SCS vs. GUI3"]
[Site "West Bromwich ENG"]
[Date "2004.05.31"]
[Round "9.4"]
[White "Hill, David F"]
[Black "Poobalasingam, Peter S"]
[Result "1-0"]
[WhiteElo "2049"]
[BlackElo "2028"]
[PlyCount "69"]
[EventDate "2004.05.31"]

1. Nf3 e6 2. e4 d5 3. exd5 exd5 4. d4 Bd6 5. c4 c6 6. Nc3 Ne7 7. Be2 O-O 8.
cxd5 cxd5 9. O-O a6 10. Bg5 f6 11. Bh4 Nbc6 12. Bg3 b5 13. Ne1 Nf5 14. Bf3 Be6
15. Nc2 Bb8 16. Bxb8 Rxb8 17. Re1 Bf7 18. Bg4 Nd6 19. Ne3 Nc4 20. b3 Nxe3 21.
Rxe3 Qb6 22. Be6 Rbd8 23. Bxf7+ Rxf7 24. Ne2 {=} 24... b4 25. Re6 Rc7 26. Rc1
Nxd4 27. Rxc7 Nxe2+ 28. Qxe2 Qxc7 29. Re8+ Kf7 30. Qh5+ g6 31. Qxh7+ Kxe8 32.
Qxc7 d4 33. Kf1 Rd7 34. Qc8+ Ke7 35. Ke2 1-0

[Event "4NCL/Div3/SCS vs. GUI3"]
[Site "West Bromwich ENG"]
[Date "2004.05.31"]
[Round "9.5"]
[White "Bland, David"]
[Black "Smart, Michael R"]
[Result "1/2-1/2"]
[WhiteElo "2006"]
[BlackElo "1936"]
[PlyCount "37"]
[EventDate "2004.05.31"]

1. e4 Nf6 2. Nc3 d5 3. exd5 Nxd5 4. Bc4 Nb6 5. Bb3 Nc6 6. Nf3 Bf5 7. O-O e6 8.
Re1 Be7 9. Ne4 Na5 10. d3 Nxb3 11. axb3 O-O 12. Qe2 Nd5 13. Ng3 Bg4 14. Bd2 c6
15. Ra4 Nf6 16. Rea1 a6 17. Bg5 Bxf3 18. Qxf3 Qd5 19. Ne4 1/2-1/2

[Event "4NCL/Div3/SCS vs. GUI3"]
[Site "West Bromwich ENG"]
[Date "2004.05.31"]
[Round "9.6"]
[White "Campbell, Mark"]
[Black "Lutton, J Arnold"]
[Result "1-0"]
[WhiteElo "1904"]
[BlackElo "1680"]
[PlyCount "105"]
[EventDate "2004.05.31"]

1. e4 e6 2. d4 d5 3. e5 c5 4. c3 Qb6 5. Nf3 Bd7 6. a3 Bb5 7. Bxb5+ Qxb5 8. b4
b6 9. a4 Qc4 10. b5 Nd7 11. Bb2 cxd4 12. cxd4 Bb4+ 13. Nbd2 Ne7 14. Rc1 Qd3 15.
Qc2 Qxc2 16. Rxc2 O-O 17. Ke2 Rfc8 18. Rhc1 Rxc2 19. Rxc2 Rc8 20. Rxc8+ Nxc8
21. Nb3 Kf8 22. Kd3 Ne7 23. Bc3 Ba3 24. Ne1 Ng6 25. g3 Ke8 26. Nc2 Be7 27. Bb4
Kd8 {=} 28. a5 Kc7 29. a6 f6 30. f4 fxe5 31. fxe5 Ndf8 32. Nd2 h6 33. Nf3 Nh7
34. h4 Nhf8 35. h5 Bxb4 36. Nxb4 Ne7 37. Nh4 Kd7 38. g4 Kc7 39. Ke3 g5 40. hxg6
Nfxg6 41. Nxg6 Nxg6 42. Nc6 Kd7 43. Nxa7 Ne7 44. Kf4 Ng6+ 45. Kg3 Kc7 46. Nc6
Nh8 47. Kh4 Nf7 48. Kh5 Ng5 49. Kxh6 Ne4 50. g5 Nc3 51. g6 Nxb5 52. a7 Kb7 53.
g7 1-0

[Event "4NCL/Div3/SCS vs. GUI3"]
[Site "West Bromwich ENG"]
[Date "2004.05.31"]
[Round "9.7"]
[White "Lowry-O'Reilly, Hannah"]
[Black "Jones, H Trevor"]
[Result "0-1"]
[WhiteElo "1590"]
[BlackElo "1776"]
[PlyCount "62"]
[EventDate "2004.05.31"]

1. d4 Nf6 2. c4 e6 3. Bg5 h6 4. Bf4 Bb4+ 5. Bd2 Qe7 6. a3 Bxd2+ 7. Nxd2 d5 8.
e3 O-O 9. Ngf3 Nc6 10. Bd3 e5 11. dxe5 Nxe5 12. Nxe5 Qxe5 13. Rb1 Bg4 14. Qc2
d4 15. e4 c5 16. O-O Nh5 17. Rfe1 Rae8 18. Be2 Bxe2 19. Rxe2 d3 20. Qxd3 Nf4
21. Qe3 Nxe2+ 22. Qxe2 f5 23. f3 Rd8 24. Kh1 b6 25. Qf2 fxe4 26. Qe3 Qd4 27.
Qxd4 Rxd4 28. Nxe4 Rxc4 29. Kg1 Rc2 30. Kf1 g5 31. Kg1 g4 0-1

[Event "4NCL/Div3/SCS vs. GUI3"]
[Site "West Bromwich ENG"]
[Date "2004.05.31"]
[Round "9.8"]
[White "Morris, Claire H"]
[Black "Atkins, Emma"]
[Result "1-0"]
[WhiteElo "1616"]
[BlackElo "1360"]
[PlyCount "63"]
[EventDate "2004.05.31"]

1. e4 e5 2. Nf3 Nc6 3. d4 f6 4. Bc4 Nge7 5. Nc3 d6 6. h3 Ng6 7. Be3 b6 8. Qd2
Na5 9. Bb5+ Bd7 10. Qd3 c6 11. Ba4 c5 12. dxc5 bxc5 13. Nb5 Nb7 14. Qd5 Rb8 15.
Bb3 Qe7 16. Nc7+ Kd8 17. Ne6+ Bxe6 18. Qxe6 Na5 19. Qxe7+ Nxe7 {=} 20. Be6 Rxb2
21. O-O-O Rb5 22. Rxd6+ Kc7 23. Rhd1 Nb7 24. Rd7+ Kb8 25. Nd2 Rb6 26. Bb3 Rc6
27. Nc4 Nc8 28. f4 Bd6 29. Nxd6 Ncxd6 30. Rxg7 Nxe4 31. Bd5 Nc3 32. Bxc6 1-0

[Event "4NCL/Div3/WGR3 vs. ATH"]
[Site "West Bromwich ENG"]
[Date "2004.05.31"]
[Round "9.1"]
[White "Pokorna, Regina"]
[Black "Spreeuw, Jaap"]
[Result "1/2-1/2"]
[WhiteElo "2390"]
[BlackElo "2306"]
[PlyCount "40"]
[EventDate "2004.05.31"]

1. e4 c5 2. Nf3 Nc6 3. d4 cxd4 4. Nxd4 Nf6 5. Nc3 d6 6. Be2 g6 7. O-O Bg7 8.
Nb3 O-O 9. Re1 Be6 10. Bg5 a5 11. a4 Rc8 12. Bb5 Nb4 13. Nd4 Bc4 14. Rc1 h6 15.
Be3 Nd7 16. Bxc4 Rxc4 17. Ncb5 Rc8 18. Qd2 Kh7 19. f3 Ne5 20. b3 Qd7 1/2-1/2

[Event "4NCL/Div3/WGR3 vs. ATH"]
[Site "West Bromwich ENG"]
[Date "2004.05.31"]
[Round "9.2"]
[White "van Voorthuijsen, Pieter W"]
[Black "Lee, Graham D"]
[Result "1-0"]
[WhiteElo "2263"]
[BlackElo "2329"]
[PlyCount "71"]
[EventDate "2004.05.31"]

1. d4 Nf6 2. c4 c5 3. d5 e5 4. Nc3 d6 5. g3 a6 6. a4 Be7 7. Bg2 O-O 8. e4 Ne8
9. Nge2 Bg5 10. O-O Bxc1 11. Nxc1 Nd7 12. Nd3 g6 13. Qd2 Ng7 14. f4 f5 15. Rae1
exf4 16. Rxf4 Ne5 17. Nxe5 dxe5 18. Rf2 Qd6 19. exf5 gxf5 20. g4 f4 21. Bf3 b6
22. Ne4 Qg6 23. Rg2 Bd7 24. a5 Rac8 25. Qc3 Rfe8 26. g5 Bh3 27. Nf6+ Kf7 28.
Bh5 Nxh5 29. Qxh3 f3 30. Qxf3 Nf4 31. Rg3 bxa5 32. d6 Rb8 33. Nxe8 Rxe8 34. d7
Rb8 35. Rxe5 Qb1+ 36. Qf1 1-0

[Event "4NCL/Div3/WGR3 vs. ATH"]
[Site "West Bromwich ENG"]
[Date "2004.05.31"]
[Round "9.3"]
[White "Grant, Jonathan"]
[Black "Johansson, Toni"]
[Result "1-0"]
[WhiteElo "2251"]
[BlackElo "2124"]
[PlyCount "111"]
[EventDate "2004.05.31"]

1. c4 g6 2. Nc3 Bg7 3. g3 d6 4. Bg2 e5 5. e4 Nc6 6. Nge2 Nge7 7. d3 O-O 8. O-O
Be6 9. Nd5 Qd7 10. Be3 Nd4 11. Nxd4 exd4 12. Bh6 Nxd5 13. Bxg7 Kxg7 14. cxd5
Bh3 15. Bxh3 Qxh3 16. Qa4 f6 17. Qxd4 Rf7 18. Rac1 Qd7 19. Kg2 Qb5 20. Rc4 a5
21. Rfc1 Rc8 22. R1c2 Qd7 23. Qa7 b6 24. Qb7 f5 25. f3 g5 26. Re2 Re8 27. Qc6
Qe7 28. Rcc2 f4 29. g4 h5 30. h3 hxg4 31. hxg4 Kg6 32. Kf1 Rh7 33. Rf2 Reh8 34.
Ke2 Rh2 35. Qxc7 Qf6 36. Qxb6 R8h3 37. Kd1 Rh1+ 38. Kd2 R3h2 39. Rc6 Rxf2+ 40.
Qxf2 Qxb2+ 41. Rc2 Qb1 42. a3 Rd1+ 43. Kc3 Qa1+ 44. Kc4 Qxa3 45. Kb5 Qxd3+ 46.
Kc6 Qb3 47. Qh2 Kg7 48. Kd7 Qb5+ 49. Kd8 Kg8 50. Rc7 Qb8+ 51. Rc8 Qb7 52. Qh6
Qg7 53. Qe6+ Qf7 54. Rc7 Qxe6 55. dxe6 d5 56. e7 1-0

[Event "4NCL/Div3/WGR3 vs. ATH"]
[Site "West Bromwich ENG"]
[Date "2004.05.31"]
[Round "9.4"]
[White "Quinn, John M"]
[Black "Cutmore, Martin J"]
[Result "1/2-1/2"]
[WhiteElo "2167"]
[BlackElo "2120"]
[PlyCount "39"]
[EventDate "2004.05.31"]

1. d4 Nf6 2. c4 Nc6 3. Nf3 e6 4. Nc3 Bb4 5. Qc2 d6 6. e3 O-O 7. Bd2 e5 8. d5
Ne7 9. Bd3 c6 10. dxc6 bxc6 11. a3 Ba5 12. c5 Ned5 13. b4 Bc7 14. Ng5 h6 15.
cxd6 Qxd6 16. Bh7+ Kh8 17. h4 a5 18. b5 Nxc3 19. Bxc3 cxb5 20. Bd3 1/2-1/2

[Event "4NCL/Div3/WGR3 vs. ATH"]
[Site "West Bromwich ENG"]
[Date "2004.05.31"]
[Round "9.5"]
[White "Maduekwe, Chiedu"]
[Black "McKeown, Paul"]
[Result "1/2-1/2"]
[WhiteElo "2127"]
[BlackElo "2050"]
[PlyCount "52"]
[EventDate "2004.05.31"]

1. d4 d5 2. c4 c6 3. Nf3 Nf6 4. Nc3 e6 5. e3 Nbd7 6. Qc2 dxc4 7. Bxc4 b5 8. Bd3
Bb7 9. O-O a6 10. e4 c5 11. e5 Bxf3 12. exf6 cxd4 13. Ne4 Bxe4 14. Bxe4 Rc8 15.
fxg7 Bxg7 16. Qe2 Qb6 17. Bg5 O-O 18. Rad1 f5 19. Bb1 e5 20. g4 h6 21. Bh4 fxg4
22. Qxg4 Nf6 23. Qg6 Rce8 24. Rc1 e4 25. Bxf6 Qxf6 26. Bxe4 Qxg6+ 1/2-1/2

[Event "4NCL/Div3/WGR3 vs. ATH"]
[Site "West Bromwich ENG"]
[Date "2004.05.31"]
[Round "9.6"]
[White "Stevenson, James A B"]
[Black "Hasman, Cengiz"]
[Result "1-0"]
[WhiteElo "2113"]
[BlackElo "2032"]
[PlyCount "127"]
[EventDate "2004.05.31"]

1. d4 Nf6 2. Nf3 g6 3. Nc3 Bg7 4. e4 d6 5. Be3 O-O 6. Qd2 c6 7. O-O-O b5 8. Bd3
b4 9. Ne2 Ng4 10. Qxb4 Nxe3 11. fxe3 Na6 12. Qe1 Rb8 13. h4 Qb6 14. b3 h5 15.
Bc4 Nb4 16. a3 d5 17. Qxb4 Qc7 18. Qc5 dxc4 19. Qxc4 Qa5 20. a4 {=} 20... Ba6
21. Qc3 Rb4 22. Nf4 Rc8 23. e5 Qb6 24. Ng5 Bh6 25. Ne4 Bxf4 26. exf4 Rd8 27.
Nc5 Be2 28. Rd2 Bg4 29. Re1 e6 30. Qb2 Qa5 31. c3 Rbb8 32. b4 Qb6 33. a5 Qb5
34. Qb3 Kg7 35. Kb2 Rbc8 36. c4 Qb8 37. Kc3 Qc7 38. Re3 Qe7 39. g3 Bf5 40. Re1
Qc7 41. Ra1 Qe7 42. a6 Bg4 43. Ra5 Qc7 44. Qa4 Bf3 45. Nb7 Rd7 46. Rc5 Qb8 47.
Rf2 Bg4 48. Rxc6 Rxb7 49. axb7 Qxb7 50. Rxc8 Qxc8 51. Qb5 Qa8 52. d5 exd5 53.
cxd5 Qc8+ 54. Qc6 Qf8 55. Ra2 Qb8 56. Ra5 Kg8 57. Rb5 Qd8 58. Rb7 a5 59. b5 a4
60. Ra7 Kh7 61. Rxf7+ Kh6 62. Qc7 Qg8 63. Qe7 Qc8+ 64. Kd4 1-0